000
00266nmm a2200085Ia 4500
008
220120s9999||||xx |||||||||||||||||und||
100
_a
DIGIT July 2010
245
0
_a
Driver collection, auto CAD and tutorials, 5 video lecterer,
260
_a
Nine dot nine interactive ltd.
999
_c
139493
_d
139493